| 000 | 00648nam a2200181 4500 | ||
|---|---|---|---|
| 001 | 112048 | ||
| 003 | ES-MaACL | ||
| 005 | 20250818153311.0 | ||
| 007 | t| | ||
| 008 | 061121s1943 sp r ||||1| spa d | ||
| 100 | 1 |
_aNavarro Gutiérrez, Rafael. _985135 |
|
| 245 | 1 | 3 |
_aLa tisis infantil _b: las formas malignas de la tuberculosis pulmonar del niño / _cpor los Dr. Rafael Navarro Gutiérrez y José L. lvarez Sala-Moris. |
| 260 |
_aBarcelona : _bCientífico Médica, _c1943. |
||
| 300 |
_a151 p. ; _c24 cm. |
||
| 700 | 1 |
_aÁlvarez-Sala Moris, José Luis, _d1912-2003 _920958 |
|
| 852 |
_aES-MaACL _jE-1101 _bR.20543 |
||
| 999 |
_c112048 _d112048 |
||